Join us for a bite - Lyrics - Statistics

General Stats
  • This quiz has been taken 73 times
  • The average score is 204 of 288
Answer Stats
Answer % Correct
a
100%
A
100%
join
100%
Join
100%
me
100%
me,
100%
to
100%
you
100%
You
100%
an
98%
the
98%
The
98%
can
96%
meet
96%
We
96%
we
96%
I
94%
So
94%
so
94%
animatronic
92%
Can't
92%
family
90%
wait
90%
us
85%
us,
85%
And
83%
and
83%
be
83%
bite
83%
bite.
83%
Come
83%
for
83%
your
83%
know
81%
on
81%
real
81%
get
79%
soon
79%
we're
79%
We're
79%
Who
77%
Freddy
75%
long,
75%
long
75%
open
75%
you're
75%
here
73%
here,
73%
love
73%
it
71%
lonely
71%
would
71%
been
69%
Try
69%
try
69%
When
69%
at
67%
best
67%
Down
67%
down
67%
hold
67%
is
67%
nights
67%
not
67%
are
65%
leave
65%
won't
65%
all
63%
All
63%
Don't
63%
don't
63%
sanity
63%
tonight
63%
You've
63%
frightful
60%
from
60%
our
60%
think
60%
alone
58%
baby
58%
crazy
58%
have
58%
only
58%
over
58%
their
58%
through
58%
told
58%
we'll
58%
We'll
58%
what
58%
What
58%
20
56%
far
56%
going
56%
I'm
56%
let's
56%
look
56%
never
56%
organ
56%
party
56%
seen
56%
show
56%
wanna
56%
done
54%
eyes
54%
Freddy's
54%
make
54%
might
54%
onto
54%
this
54%
after
52%
ago,
52%
donor
52%
faces,
52%
friends
52%
Just
52%
lost
52%
playing
52%
wanted
52%
we've
52%
fantasy
50%
festive
50%
friendly
50%
fun
50%
new
50%
purple
50%
somebody
50%
Because
48%
'Cause
48%
even
48%
feeling
48%
few
48%
gone
48%
hard
48%
laugh
48%
nightmares
48%
that
48%
tragedy
48%
against
46%
alright
46%
back
46%
bites
46%
dark
46%
deserve
46%
ends
46%
felt
46%
got
46%
murdered
46%
now,
46%
one
46%
right
46%
starting
46%
teach
46%
with
46%
always
44%
But
44%
found
44%
if
44%
Learn
44%
name
44%
plan
44%
restless
44%
staying ?
44%
still
44%
thought
44%
walk
44%
celebration
42%
damnation ?
42%
deep
42%
ended
42%
underground
42%
watching
42%
blame ?
40%
knows
40%
lasts
40%
temptations
40%
Anger
35%
eternally
35%
No matching quizzes found
Score Distribution
Percent of People with Each Score
Percentile by Number Answered
Your Score History
You have not taken this quiz